000 00518nam a2200181Ia 4500
001 12615
005 20260306162954.0
008 260306t2022||||xx |||||||||||||| ||spa||
041 _aESP
082 _aHR 370
_bN° 1 SET 2022 EM.3
110 _aUniversidad Católica San Pablo
245 0 _aEducationis momentum :
_brevista de investigación educativa de la Universidad Católica San Pablo
260 _c2022
300 _a192 páginas :
_c23 cm.
650 _aGEN
654 _aCED
942 _cREV
_dJUS
_fJUS
_2ddc
_n
999 _c12615
_d12615